LIGHT AND YOGA (Record no. 8636)

MARC details
000 -LEADER
fixed length control field 00413nam a22001697a 4500
005 - DATE AND TIME OF LATEST TRANSACTION
control field 20240902142235.0
008 - FIXED-LENGTH DATA ELEMENTS--GENERAL INFORMATION
fixed length control field 240902b |||||||| |||| 00| 0 eng d
020 ## - INTERNATIONAL STANDARD BOOK NUMBER
ISBN 978-81-7223-501-7
041 ## - LANGUAGE CODE
Language code of text/sound track or separate title eng
082 ## - DEWEY DECIMAL CLASSIFICATION NUMBER
Classification number 613.7046 LYE
100 ## - MAIN ENTRY--AUTHOR NAME
Personal name LYENGAR, B.K.S
245 ## - TITLE STATEMENT
Title LIGHT AND YOGA
260 ## - PUBLICATION, DISTRIBUTION, ETC. (IMPRINT)
Place of publication INDIA
Name of publisher HARPER COLLINS PUBLISHERS
Year of publication 1966
300 ## - PHYSICAL DESCRIPTION
Number of Pages 544;P
650 ## - SUBJECT ADDED ENTRY--TOPICAL TERM
Topical Term BMLT
942 ## - ADDED ENTRY ELEMENTS (KOHA)
Koha item type Books
Holdings
Lost status Damaged status Collection code Home library Current library Date acquired Source of acquisition Cost, normal purchase price Full call number Accession Number Koha item type Shelving location
    Bachelor of Medical Laboratory Technology JRU Library JRU Library 30/08/2024 PURCHASE 599.00 613.7046 28403 Books  
    Bachelor of Medical Laboratory Technology JRU Library JRU Library 30/08/2024 PURCHASE 599.00 613.7046 28404 Books SHELF-106-F